| 000 | 00374nam a2200145Ia 4500 | ||
|---|---|---|---|
| 008 | 240624s9999 xx 000 0 und d | ||
| 041 | _aeng | ||
| 082 | _a330 MIS | ||
| 100 | _aMISRA S K | ||
| 245 | _aECONOMIC ENVIRONEMENT OF BUSINESS | ||
| 250 | _a(5th ed.) | ||
| 260 |
_c2008 _aMumbai _bHimalaya Publishing House |
||
| 300 | _axix, : 641 : p. : cm. ; 28 | ||
| 365 |
_cRS _b25 |
||
| 999 |
_c9544 _d9544 |
||